Lý thuyết điều khiển tự động

Αποθηκεύτηκε σε:
Λεπτομέρειες βιβλιογραφικής εγγραφής
Κύριος συγγραφέας: Phạm Công Ngô
Μορφή: Βιβλίο
Γλώσσα:Vietnamese
Έκδοση: Khoa học Kỹ Thuật 2006
Θέματα:
Ετικέτες: Προσθήκη ετικέτας
Δεν υπάρχουν, Καταχωρήστε ετικέτα πρώτοι!
Thư viện lưu trữ: Mạng thư viện Đại học Đà Nẵng
LEADER 00993nam a2200313 a 4500
001 000001093
003 01731
005 20171229145311.0
008 171229s2006 vie
040 |a LSK 
041 0 |a VIE 
082 0 |a 629.801  |b PH-N 
100 1 |a Phạm Công Ngô 
245 0 0 |a Lý thuyết điều khiển tự động 
260 |b Khoa học Kỹ Thuật  |c 2006 
300 |a 404 pages  |c 20,5 cm. 
653 |a Điều khiển tự động 
852 |a Phòng Đọc - Phòng Mượn 
901 |a 3 
927 |a Giáo trình 
OWN |a LSK 
AVA |a UDN50  |b LSK  |d 629.801 PH-N  |e available  |t Error 5001 Not defined in file expand_doc_bib_avail.  |f 3  |g 0  |h N  |i 0  |k 1 
999 |a From the UDN01 
AVA |a UDN50  |b LSK  |d 629.801 PH-N  |e available  |t Error 5001 Not defined in file expand_doc_bib_avail.  |f 3  |g 0  |h N  |i 0  |k 1 
TYP |a Monograph 
TYP |a Printed language 
980 |a Mạng thư viện Đại học Đà Nẵng